[Event "Baltic Sea Cup 2008"]
[Site "Ronne"]
[Date "2008.07.31"]
[Round "4"]
[White "Svanholm, Borge Waaktaar"]
[Black "Jensen, Jan Kargaard"]
[Result "1-0"]
[WhiteElo "2003"]
[BlackElo "1813"]
[PlyCount "101"]
[EventDate "2008.07.29"]


1. c4 Nf6 2. Nc3 d5 3. cxd5 Nxd5 4. d4 g6 5. e4 Nxc3 6. bxc3 Bg7 7. Be3 c5 8.
Bc4 Nc6 9. Ne2 cxd4 10. cxd4 b5 11. Bd5 Bd7 12. Rc1 Rc8 13. O-O a6 14. Qd2 O-O
15. Bh6 e6 16. Bxg7 Kxg7 17. Bb3 Na5 18. d5 Nxb3 19. axb3 Qb6 20. Nf4 Rxc1 21.
Rxc1 Rc8 22. Rxc8 Bxc8 23. Qc3+ e5 24. Qxe5+ Qf6 25. Qxf6+ Kxf6 26. Nd3 a5 27.
f4 a4 28. Kf2 a3 29. Nc1 b4 30. Ke3 Ba6 31. Kd4 Ke7 32. Na2 Bf1 33. g3 Kd7 34.
Nxb4 Be2 35. e5 Ke7 36. d6+ Kd7 37. Kc3 Bg4 38. Na2 Ke6 39. Kb4 Kd5 40. Kxa3
Ke4 41. Kb4 g5 42. fxg5 Kxe5 43. Kc5 Bd7 44. Nc3 Kf5 45. Nd5 Kxg5 46. Nb6 Bf5
47. d7 Bxd7 48. Nxd7 Kg4 49. Nf6+ Kh3 50. Nxh7 Kxh2 51. g4 1-0

[Event "Baltic Sea Cup 2008"]
[Site "Ronne"]
[Date "2008.07.31"]
[Round "4"]
[White "Teschke, Olaf"]
[Black "Jahncke, Giso"]
[Result "0-1"]
[WhiteElo "2298"]
[BlackElo "2052"]
[PlyCount "113"]
[EventDate "2008.07.29"]


1. d4 Nf6 2. c4 g6 3. Nc3 Bg7 4. e4 d6 5. Nf3 O-O 6. Be2 e5 7. O-O Nc6 8. d5
Ne7 9. Kh1 Kh8 10. b4 Nh5 11. Re1 f5 12. Ng1 Nf6 13. f3 h5 14. c5 f4 15. a4 g5
16. Ba3 Rf7 17. b5 b6 18. cxb6 cxb6 19. Bb4 Ng6 20. a5 Rb8 21. axb6 axb6 22.
Ra2 Bf8 23. Qa1 Bb7 24. Ra7 Ra8 25. Rxa8 Bxa8 26. Qa6 Bb7 27. Qa7 Bxd5 28. Qa3
Be6 29. Rd1 Rd7 30. Nd5 Bxd5 31. exd5 Ne7 32. Bc4 Nf5 33. Qd3 Ne3 34. Ra1 e4
35. fxe4 Rc7 36. Bb3 Nfg4 37. Nh3 Bg7 38. Re1 Qc8 39. Bd1 Nxd1 40. Qxd1 Be5 41.
Qb3 Ne3 42. Bd2 Nxg2 43. Rg1 Bc3 44. Nxg5 Bxd2 45. Qb2+ Bc3 46. Qxg2 Bd4 47.
Rf1 Rg7 48. h4 Qc3 49. Qf3 Qxf3+ 50. Rxf3 Be3 51. Rf1 Ra7 52. Kg2 Ra5 53. Nf7+
Kg7 54. Nxd6 Kf6 55. Nc4 Ra2+ 56. Kf3 Ra4 57. Nxe3 0-1

[Event "Baltic Sea Cup 2008"]
[Site "Ronne"]
[Date "2008.07.31"]
[Round "4"]
[White "Valet, Richard"]
[Black "Lund, Silas"]
[Result "0-1"]
[WhiteElo "2071"]
[BlackElo "2431"]
[PlyCount "64"]
[EventDate "2008.07.29"]


1. e4 c5 2. Nc3 Nc6 3. g3 g6 4. Bg2 Bg7 5. d3 d6 6. f4 Nh6 7. Nf3 O-O 8. h3 f5
9. Be3 Rb8 10. Qd2 b5 11. a3 a5 12. e5 b4 13. axb4 axb4 14. Nd1 Nf7 15. exd6
Qxd6 16. O-O Bb7 17. c3 e5 18. fxe5 Ncxe5 19. Nxe5 Bxe5 20. Bf4 Rfd8 21. Nf2
Bxg2 22. Kxg2 Qd5+ 23. Kh2 bxc3 24. bxc3 Rb3 25. Rac1 Bf6 26. h4 h6 27. Bxh6
Ne5 28. Qf4 Rb2 29. c4 Qc6 30. Rcd1 Rd4 31. Qc1 Re2 32. Kh3 Qf3 0-1

[Event "Baltic Sea Cup 2008"]
[Site "Ronne"]
[Date "2008.07.31"]
[Round "4"]
[White "Vitiugov, Nikita"]
[Black "Welz, Peter"]
[Result "1-0"]
[WhiteElo "2616"]
[BlackElo "2169"]
[PlyCount "43"]
[EventDate "2008.07.29"]


1. d4 f5 2. g3 Nf6 3. Bg2 e6 4. c4 Be7 5. Nc3 O-O 6. Nf3 d6 7. Qc2 Qe8 8. O-O
Qh5 9. b4 Nc6 10. Rb1 e5 11. dxe5 Nxe5 12. Nd5 Bd8 13. Nd4 Nfg4 14. h3 Nh6 15.
Ne6 Bxe6 16. Nf4 Qe8 17. Nxe6 Qxe6 18. Bd5 Qxd5 19. cxd5 g5 20. f4 Nef7 21. Rb3
Bf6 22. fxg5 1-0

[Event "Baltic Sea Cup 2008"]
[Site "Ronne"]
[Date "2008.08.01"]
[Round "5"]
[White "Adolfssen, Rico"]
[Black "Rothwell, Jonathan"]
[Result "1-0"]
[WhiteElo "1933"]
[BlackElo "1700"]
[PlyCount "49"]
[EventDate "2008.07.29"]


1. e4 c6 2. d4 d5 3. e5 Bf5 4. Nf3 h6 5. b4 e6 6. a3 Ne7 7. Be2 Ng6 8. O-O Be7
9. Be3 O-O 10. Nbd2 Nd7 11. c4 b6 12. Rc1 Nh4 13. cxd5 Nxf3+ 14. Nxf3 cxd5 15.
Ba6 Bg4 16. Qd2 Bxf3 17. gxf3 Bg5 18. f4 Bh4 19. Kh1 f6 20. Rg1 f5 21. Rg6 Re8
22. Rcg1 Re7 23. Rxh6 Re8 24. Qe2 Kf8 25. Rh8+ 1-0

[Event "Baltic Sea Cup 2008"]
[Site "Ronne"]
[Date "2008.08.01"]
[Round "5"]
[White "Andersen, Rune"]
[Black "Berg, Peter"]
[Result "1/2-1/2"]
[WhiteElo "2143"]
[BlackElo "1998"]
[PlyCount "87"]
[EventDate "2008.07.29"]


1. d4 d5 2. c4 c6 3. Nc3 Nf6 4. Nf3 dxc4 5. a4 Bf5 6. Ne5 Nbd7 7. Nxc4 e6 8. f3
Bb4 9. Bd2 c5 10. Nd6+ Kf8 11. Nxf5 exf5 12. e3 cxd4 13. exd4 Qb6 14. Nb5 Re8+
15. Be2 Nd5 16. Bxb4+ Nxb4 17. O-O a5 18. Rc1 g6 19. Rc7 Re7 20. Bc4 Kg7 21.
Re1 Rhe8 22. Rxe7 Rxe7 23. Qd2 Nc6 24. Kf1 Nde5 25. dxe5 Rxc7 26. Nxc7 Qxc7 27.
f4 Nxe5 28. Bb5 Nc6 29. Qc3+ f6 30. Qd2 Nb4 31. b3 Nc6 32. g3 Qd8 33. Qe3 Qd5
34. Bc4 Qh1+ 35. Qg1 Qxg1+ 36. Kxg1 Kf8 37. Kf2 h6 38. Ke3 Ke7 39. Bd5 Kd6 40.
Bf7 g5 41. Kd3 Kc5 42. Bc4 Ne7 43. Bf7 Nc6 44. h4 1/2-1/2

[Event "Baltic Sea Cup 2008"]
[Site "Ronne"]
[Date "2008.08.01"]
[Round "5"]
[White "Brinck Claussen, Bjorn"]
[Black "Christensen, Klaus"]
[Result "1/2-1/2"]
[WhiteElo "2296"]
[BlackElo "2034"]
[PlyCount "70"]
[EventDate "2008.07.29"]


1. e4 c5 2. Nf3 Nc6 3. d4 cxd4 4. Nxd4 Nf6 5. Nc3 e5 6. Ndb5 d6 7. Bg5 a6 8.
Na3 Be6 9. Nc4 Rc8 10. Bxf6 gxf6 11. Ne3 Bh6 12. Ned5 Bg7 13. Qh5 Bxd5 14. Nxd5
Ne7 15. O-O-O Nxd5 16. Rxd5 Qc7 17. Bd3 Ke7 18. Kb1 Qb6 19. Rf1 Rc5 20. Rxc5
Qxc5 21. c3 b5 22. Bc2 h6 23. Bb3 Rf8 24. h3 a5 25. a3 b4 26. Qg4 bxa3 27. Ka2
Rb8 28. Qxg7 Rxb3 29. Kxb3 Qb5+ 30. Kxa3 a4 31. b4 Qxf1 32. Kxa4 Qxf2 33. Qg4
Qc2+ 34. Kb5 Qxc3 35. Qe2 Qc7 1/2-1/2

[Event "Baltic Sea Cup 2008"]
[Site "Ronne"]
[Date "2008.08.01"]
[Round "5"]
[White "Christensen, John"]
[Black "Mejlvang, Jens Peter"]
[Result "1-0"]
[WhiteElo "2116"]
[BlackElo "1845"]
[PlyCount "89"]
[EventDate "2008.07.29"]


1. Nf3 f5 2. d4 Nf6 3. g3 g6 4. Bg2 Bg7 5. c3 O-O 6. Ne5 Nc6 7. Nxc6 bxc6 8.
Nd2 Qe8 9. Nc4 d6 10. Na5 Bd7 11. Qb3+ Kh8 12. Qc4 Ne4 13. Qd3 e5 14. O-O exd4
15. cxd4 c5 16. dxc5 Nxc5 17. Qc2 Ba4 18. Nb3 Rb8 19. Be3 Nxb3 20. axb3 Bxb3
21. Qxc7 Rf7 22. Qxd6 Bxb2 23. Rxa7 Be5 24. Bd4 Bxd4 25. Qxd4+ Kg8 26. Rxf7
Bxf7 27. e3 Rd8 28. Qb2 Bd5 29. Bxd5+ Rxd5 30. Qa2 Qf7 31. Qa8+ Kg7 32. Rb1 Rd7
33. h4 h6 34. Qa1+ Kh7 35. Qe5 Re7 36. Qb2 Ra7 37. Qb8 Qe7 38. Qc8 Rc7 39. Qa8
Ra7 40. Qc6 Rc7 41. Qb5 Ra7 42. h5 Rd7 43. hxg6+ Kxg6 44. Qc4 Qe4 45. Rb6+ 1-0

[Event "Baltic Sea Cup 2008"]
[Site "Ronne"]
[Date "2008.08.01"]
[Round "5"]
[White "Christensen, Svend Ib"]
[Black "Andersen, Jonas Odgaard"]
[Result "0-1"]
[WhiteElo "1531"]
[BlackElo "1000"]
[PlyCount "48"]
[EventDate "2008.07.29"]


1. d4 c5 2. c3 Nc6 3. Nf3 Nf6 4. Bf4 g6 5. h3 Bg7 6. dxc5 O-O 7. Nbd2 b6 8. e3
bxc5 9. Be2 Qb6 10. Rb1 Ba6 11. O-O d6 12. Rc1 Bc8 13. Nc4 Qc7 14. Bd3 e5 15.
Bh2 e4 16. Bxd6 Qd8 17. Bxf8 Bxf8 18. Bc2 exf3 19. Qxf3 Bb7 20. Rfd1 Qe7 21.
Qe2 Ba6 22. Bd3 Ne5 23. Nxe5 Bxd3 24. Nxg6 Bxg6 0-1

[Event "Baltic Sea Cup 2008"]
[Site "Ronne"]
[Date "2008.08.01"]
[Round "5"]
[White "Evdokimov, Alexander A"]
[Black "Nielsen, Nicholas Roland"]
[Result "1-0"]
[WhiteElo "2555"]
[BlackElo "2198"]
[PlyCount "47"]
[EventDate "2008.07.29"]


1. d4 Nf6 2. c4 e6 3. Nf3 b6 4. g3 Ba6 5. Nbd2 d5 6. cxd5 exd5 7. Bg2 Bd6 8.
O-O O-O 9. Nh4 Re8 10. Re1 Bb7 11. Nf5 Bf8 12. Nf3 Nc6 13. Bf4 Ne4 14. Rc1 Nd6
15. Ne3 Ne7 16. Ne5 f6 17. Nc6 Bxc6 18. Rxc6 Nxc6 19. Bxd5+ Nf7 20. Bxc6 g5 21.
Ng4 gxf4 22. Bxe8 h5 23. Qb3 Qe7 24. Bxf7+ 1-0

[Event "Baltic Sea Cup 2008"]
[Site "Ronne"]
[Date "2008.08.01"]
[Round "5"]
[White "Golod, Vitali"]
[Black "Kristensen, Kaare Hove"]
[Result "1/2-1/2"]
[WhiteElo "2578"]
[BlackElo "2259"]
[PlyCount "166"]
[EventDate "2008.07.29"]


1. d4 d5 2. c4 e6 3. Nf3 c5 4. cxd5 exd5 5. g3 Nc6 6. Bg2 Nf6 7. O-O Be7 8. Nc3
O-O 9. Bg5 c4 10. Ne5 Be6 11. b3 Qa5 12. Nxc6 bxc6 13. Qd2 Rad8 14. Rfd1 Bb4
15. Rac1 c5 16. Bxf6 gxf6 17. Qc2 cxb3 18. axb3 cxd4 19. Na4 Rc8 20. Qd3 Bc3
21. Rc2 Qb4 22. Rdc1 Qxb3 23. Nxc3 Rxc3 24. Rxc3 dxc3 25. Rxc3 Qb4 26. Rc1 Rd8
27. h4 Kg7 28. Bf3 a5 29. h5 h6 30. Rc7 Rd7 31. Rc6 Rd6 32. Rc7 Rd7 33. Rc1 a4
34. Qa6 Rd6 35. Qa8 Qb2 36. Rc5 a3 37. Ra5 Qc1+ 38. Kh2 Rb6 39. Bxd5 Rb1 40.
Bxe6 Qg1+ 41. Kh3 Qf1+ 42. Kh4 Qxe2 43. Ra4 f5 44. Bxf5 Rb4+ 45. Rxb4 Qe7+ 46.
Kh3 Qxb4 47. Qa7 Qb3 48. Qd4+ Kg8 49. Qf6 Qd5 50. Kh2 a2 51. g4 Qd2 52. Kg3 Qe1
53. Bh7+ Kf8 54. Qxh6+ Ke7 55. Qg5+ Kd6 56. Qd8+ Kc5 57. Qf8+ Kd4 58. Qd8+ Kc5
59. Qf8+ Kd4 60. Qd6+ Kc3 61. Qf6+ Kb3 62. Qxf7+ Kb2 63. Qb7+ Ka3 64. Qa7+ Kb2
65. Qb6+ Ka3 66. Qa6+ Kb2 67. Qb5+ Ka3 68. Bg8 Qc3+ 69. Kg2 a1=Q 70. Qa6+ Kb2
71. Qb5+ Kc1 72. Qf1+ Kb2 73. Qe2+ Ka3 74. h6 Qc6+ 75. f3 Qb2 76. Qxb2+ Kxb2
77. h7 Qf6 78. f4 Kc3 79. g5 Qg7 80. Kf3 Kd4 81. f5 Ke5 82. f6 Qxg5 83. h8=Q
Qxf6+ 1/2-1/2

[Event "Baltic Sea Cup 2008"]
[Site "Ronne"]
[Date "2008.08.01"]
[Round "5"]
[White "Gyimesi, Zoltan"]
[Black "Roiz, Michael"]
[Result "1/2-1/2"]
[WhiteElo "2586"]
[BlackElo "2680"]
[PlyCount "24"]
[EventDate "2008.07.29"]


1. d4 d5 2. c4 c6 3. Nf3 Nf6 4. Nc3 e6 5. Bg5 h6 6. Bxf6 Qxf6 7. e3 g6 8. Bd3
Bg7 9. e4 dxe4 10. Nxe4 Qd8 11. c5 O-O 12. Bc4 b6 1/2-1/2

[Event "Baltic Sea Cup 2008"]
[Site "Ronne"]
[Date "2008.08.01"]
[Round "5"]
[White "Hansen, Lars Bo"]
[Black "Medvegy, Nora"]
[Result "1-0"]
[WhiteElo "2569"]
[BlackElo "2353"]
[PlyCount "81"]
[EventDate "2008.07.29"]


1. Nf3 Nf6 2. c4 e6 3. g3 b6 4. Bg2 Bb7 5. O-O Be7 6. Nc3 O-O 7. Re1 d5 8. cxd5
exd5 9. d4 Nbd7 10. Bf4 a6 11. Rc1 c5 12. dxc5 Nxc5 13. Be5 Ne6 14. e3 Rc8 15.
Re2 Ne4 16. Rec2 N6c5 17. Ne2 Qd7 18. Nf4 g5 19. Nd3 Nxd3 20. Qxd3 Rxc2 21.
Rxc2 Rc8 22. h3 Rxc2 23. Qxc2 Qc8 24. Qd1 f6 25. Bd4 Bc5 26. Nd2 Bxd4 27. Nxe4
dxe4 28. Qxd4 Qc6 29. Qd8+ Kg7 30. a4 h6 31. b4 b5 32. axb5 axb5 33. Bf1 Bc8
34. Qe7+ Kg8 35. g4 f5 36. gxf5 Bxf5 37. Qe5 Qd7 38. Bxb5 Qd1+ 39. Kh2 Qf3 40.
Bc4+ Kf8 41. Qf6+ 1-0

[Event "Baltic Sea Cup 2008"]
[Site "Ronne"]
[Date "2008.08.01"]
[Round "5"]
[White "Hansen, Martin"]
[Black "Svanholm, Borge Waaktaar"]
[Result "1/2-1/2"]
[WhiteElo "2128"]
[BlackElo "2003"]
[PlyCount "31"]
[EventDate "2008.07.29"]


1. e4 c5 2. c3 Nf6 3. e5 Nd5 4. Nf3 d6 5. Na3 Nc6 6. exd6 e6 7. Nc4 Bxd6 8. d4
cxd4 9. Nxd4 Be7 10. Be2 Nxd4 11. cxd4 O-O 12. O-O Bd7 13. Ne5 Rc8 14. Qb3 b6
15. Qh3 Bf6 16. Bd3 1/2-1/2

[Event "Baltic Sea Cup 2008"]
[Site "Ronne"]
[Date "2008.08.01"]
[Round "5"]
[White "Hansen, Soren Otto"]
[Black "Kristensen, Torben"]
[Result "1-0"]
[WhiteElo "1682"]
[BlackElo "1262"]
[PlyCount "39"]
[EventDate "2008.07.29"]


1. e4 e6 2. d4 b6 3. Nc3 Bb7 4. Bd3 Nf6 5. Nge2 c5 6. d5 exd5 7. exd5 Nxd5 8.
Nxd5 Bxd5 9. Nf4 Bb7 10. Qg4 Nc6 11. O-O g6 12. Re1+ Be7 13. Nd5 O-O 14. Bh6
Re8 15. Rad1 d6 16. f4 Bc8 17. Qf3 Nd4 18. Nxe7+ Rxe7 19. Qxa8 Qe8 20. Rxe7 1-0

[Event "Baltic Sea Cup 2008"]
[Site "Ronne"]
[Date "2008.08.01"]
[Round "5"]
[White "Holt, Michael"]
[Black "Kraft, Rene"]
[Result "1/2-1/2"]
[WhiteElo "1000"]
[BlackElo "1663"]
[PlyCount "108"]
[EventDate "2008.07.29"]


1. b3 e5 2. Bb2 Nc6 3. e3 a6 4. Nf3 d6 5. Be2 Be7 6. O-O Nf6 7. c4 Bf5 8. Nc3
O-O 9. d3 e4 10. Nd4 Nxd4 11. exd4 d5 12. dxe4 dxe4 13. d5 Bb4 14. Qc2 Bg6 15.
Qd2 Qd6 16. a3 Bxc3 17. Qxc3 Ne8 18. Rfe1 f6 19. a4 c5 20. Bd1 Nc7 21. Bc2 Rfe8
22. Re2 b5 23. axb5 axb5 24. Rxa8 Nxa8 25. cxb5 Qxd5 26. Qc4 Nb6 27. Qxd5+ Nxd5
28. f3 exf3 29. Rxe8+ Bxe8 30. Be4 Bf7 31. Bxf3 Nb6 32. Ba3 c4 33. bxc4 Bxc4
34. Bc6 Bd5 35. Bc5 Bxc6 36. bxc6 Nc8 37. Kf2 Kf7 38. Ke3 Ke6 39. Kd4 h5 40.
Bf8 g5 41. Kc5 h4 42. Kb5 f5 43. Bc5 Ke5 44. Bb6 g4 45. c7 f4 46. Bf2 h3 47.
gxh3 gxh3 48. Bh4 Kd6 49. Kc4 Ke5 50. Kc5 Ke6 51. Kc6 f3 52. Kb7 Kd7 53. Bg3
Ne7 54. Bh4 Nc8 1/2-1/2

[Event "Baltic Sea Cup 2008"]
[Site "Ronne"]
[Date "2008.08.01"]
[Round "5"]
[White "Jahncke, Giso"]
[Black "Kogan, Artur"]
[Result "0-1"]
[WhiteElo "2052"]
[BlackElo "2569"]
[PlyCount "32"]
[EventDate "2008.07.29"]


1. e4 d5 2. exd5 Qxd5 3. Nc3 Qa5 4. d4 Nf6 5. Bd2 c6 6. Bc4 Qb6 7. Qe2 Bf5 8.
O-O-O e6 9. a3 Nbd7 10. h3 O-O-O 11. Nf3 h6 12. Ne5 Nxe5 13. dxe5 Nd5 14. Bxd5
exd5 15. Be3 d4 16. Qf3 Be6 0-1

[Event "Baltic Sea Cup 2008"]
[Site "Ronne"]
[Date "2008.08.01"]
[Round "5"]
[White "Jannik, Morten Emil"]
[Black "Caceres, Cipriano Sande"]
[Result "0-1"]
[WhiteElo "1534"]
[BlackElo "1792"]
[PlyCount "48"]
[EventDate "2008.07.29"]


1. e4 c5 2. d4 cxd4 3. c3 e5 4. Nf3 Nc6 5. Bc4 d6 6. O-O h6 7. cxd4 exd4 8.
Nxd4 Nf6 9. Nc3 Be7 10. Re1 O-O 11. Bb3 Bg4 12. f3 Nxd4 13. Qxd4 Be6 14. Bc2 b6
15. Be3 Rc8 16. Rac1 Nd7 17. Qd2 Ne5 18. b3 Bg4 19. Red1 Qd7 20. Nd5 Rfd8 21.
Bxb6 axb6 22. Nxb6 Qa7 23. Qd4 Rc6 24. Qxe5 dxe5 0-1

[Event "Baltic Sea Cup 2008"]
[Site "Ronne"]
[Date "2008.08.01"]
[Round "5"]
[White "Jensen, Byrial"]
[Black "Madsen, Jens Finnerup"]
[Result "1-0"]
[WhiteElo "1656"]
[BlackElo "1162"]
[PlyCount "59"]
[EventDate "2008.07.29"]


1. e4 e5 2. Bc4 Bc5 3. Nc3 d6 4. d3 Nf6 5. Nge2 O-O 6. O-O Bd7 7. Bg5 a6 8. a4
c6 9. Kh1 Be6 10. Ba2 Nbd7 11. f4 Qe8 12. fxe5 Ng4 13. d4 Bb4 14. exd6 Bxa2 15.
Nxa2 Qxe4 16. Nxb4 Rae8 17. Ng3 Qe6 18. Qf3 Ndf6 19. h3 h6 20. Bd2 Qxd6 21.
hxg4 Qxd4 22. Bc3 Qxg4 23. Bxf6 Qxf3 24. Rxf3 gxf6 25. Rxf6 Kg7 26. Raf1 Re5
27. Nd3 Rg5 28. Ne4 Rg4 29. Nec5 b6 30. Ne6+ 1-0

[Event "Baltic Sea Cup 2008"]
[Site "Ronne"]
[Date "2008.08.01"]
[Round "5"]
[White "Jensen, Jan Kargaard"]
[Black "Koop, Th Boerge"]
[Result "1-0"]
[WhiteElo "1813"]
[BlackElo "1568"]
[PlyCount "47"]
[EventDate "2008.07.29"]


1. d4 d5 2. Bf4 Nf6 3. Nf3 e6 4. e3 c5 5. Nbd2 c4 6. c3 b5 7. Be2 Nc6 8. Ne5
Bb7 9. Nxc6 Bxc6 10. a3 Bd6 11. Bg3 a5 12. O-O a4 13. Bf3 g5 14. Be5 Bxe5 15.
dxe5 Nd7 16. e4 Nxe5 17. exd5 Nxf3+ 18. Nxf3 Bxd5 19. Qd4 O-O 20. Ne5 Qc7 21.
Ng4 f6 22. Nxf6+ Kf7 23. Nxd5 exd5 24. Qxd5+ 1-0

[Event "Baltic Sea Cup 2008"]
[Site "Ronne"]
[Date "2008.08.01"]
[Round "5"]
[White "Knof, Henrike"]
[Black "Hein, Jacob"]
[Result "1-0"]
[WhiteElo "1477"]
[BlackElo "1603"]
[PlyCount "51"]
[EventDate "2008.07.29"]


1. e4 d5 2. exd5 Nf6 3. c4 e6 4. dxe6 fxe6 5. Nf3 Bb4 6. a3 Bd6 7. b4 c5 8.
bxc5 Bxc5 9. d4 Be7 10. Bd3 O-O 11. Bb2 Qa5+ 12. Bc3 Qh5 13. Nbd2 Ng4 14. h3
Bf6 15. Ne4 Nd7 16. Ng3 Nxf2 17. Kxf2 Bh4 18. Qe1 Rf6 19. Kg1 Rxf3 20. gxf3
Qxf3 21. Qxe6+ Kh8 22. Be1 Bxg3 23. Be2 Qf4 24. Bxg3 Qxg3+ 25. Kf1 Rb8 26. Qe8+
1-0

[Event "Baltic Sea Cup 2008"]
[Site "Ronne"]
[Date "2008.08.01"]
[Round "5"]
[White "Koop, Soeren"]
[Black "Andersen, Daniel"]
[Result "1-0"]
[WhiteElo "1897"]
[BlackElo "1969"]
[PlyCount "89"]
[EventDate "2008.07.29"]


1. e4 e6 2. d4 d5 3. Nc3 Bb4 4. e5 Ne7 5. a3 Bxc3+ 6. bxc3 b6 7. Bd3 Ba6 8. f4
Bxd3 9. Qxd3 Nbc6 10. Nf3 Na5 11. O-O h5 12. g3 g6 13. a4 Kf8 14. h3 Nf5 15.
Kg2 Kg7 16. Ng5 Nc4 17. g4 hxg4 18. hxg4 Ne7 19. Bd2 Rh4 20. Qg3 Rh8 21. Be3
Qd7 22. Rh1 Rag8 23. Rxh8 Rxh8 24. Rh1 Qe8 25. Bc1 Rxh1 26. Kxh1 Qh8+ 27. Kg2
c6 28. Nf3 Qc8 29. Qh4 Ng8 30. Ng5 Qe8 31. Qh7+ Kf8 32. f5 gxf5 33. gxf5 exf5
34. Qxf5 Ke7 35. Nh7 Kd8 36. Nf6 Nxf6 37. Qxf6+ Kc8 38. Kf3 Kb7 39. Kg4 Ka6 40.
Bg5 Ka5 41. Qe7 Qxe7 42. Bxe7 Nxe5+ 43. dxe5 c5 44. Kf5 Kxa4 45. Bg5 1-0

[Event "Baltic Sea Cup 2008"]
[Site "Ronne"]
[Date "2008.08.01"]
[Round "5"]
[White "Lilleoren, Morten"]
[Black "Larsen, Bjorn H"]
[Result "1/2-1/2"]
[WhiteElo "2105"]
[BlackElo "1940"]
[PlyCount "38"]
[EventDate "2008.07.29"]


1. c4 f5 2. Nf3 Nf6 3. g3 g6 4. Bg2 Bg7 5. O-O O-O 6. Nc3 d6 7. d3 e5 8. Rb1 h6
9. c5 Qe8 10. cxd6 cxd6 11. Qb3+ Qf7 12. Qxf7+ Rxf7 13. Bd2 Nc6 14. b4 Be6 15.
Rfc1 Rc8 16. e3 Ne8 17. b5 Nd8 18. Rc2 g5 19. Rf1 f4 1/2-1/2

[Event "Baltic Sea Cup 2008"]
[Site "Ronne"]
[Date "2008.08.01"]
[Round "5"]
[White "Lund, Silas"]
[Black "Vitiugov, Nikita"]
[Result "0-1"]
[WhiteElo "2431"]
[BlackElo "2616"]
[PlyCount "84"]
[EventDate "2008.07.29"]


1. d4 Nf6 2. c4 e6 3. Nc3 Bb4 4. f3 d5 5. a3 Bxc3+ 6. bxc3 c6 7. Bg5 dxc4 8. e4
b5 9. Ne2 Nbd7 10. g3 h6 11. Bc1 Nb6 12. Bg2 Bb7 13. O-O Na4 14. Rb1 a6 15. Qc2
Qe7 16. f4 c5 17. h3 h5 18. Kh2 Rd8 19. Ra1 O-O 20. Rf2 Ne8 21. f5 cxd4 22.
Nxd4 e5 23. f6 Nxf6 24. Nf5 Qd7 25. Nxg7 Kxg7 26. Bg5 Nh7 27. Bxd8 Qxd8 28. Rd1
Qe7 29. Rf5 h4 30. gxh4 Bc8 31. Rf3 Qxh4 32. Rg3+ Kh8 33. Rd6 Qf4 34. Qd2 Qxd2
35. Rxd2 Nc5 36. Rd5 Nd3 37. Bf1 Bb7 38. Rd7 Bxe4 39. Re3 f5 40. Ra7 Nf6 41.
Bg2 Bxg2 42. Kxg2 f4 0-1

[Event "Baltic Sea Cup 2008"]
[Site "Ronne"]
[Date "2008.08.01"]
[Round "5"]
[White "Magnussen, Helge"]
[Black "Poulsen, Iver"]
[Result "0-1"]
[WhiteElo "2012"]
[BlackElo "2147"]
[PlyCount "56"]
[EventDate "2008.07.29"]


1. d4 d5 2. c4 e6 3. Nc3 c6 4. Nf3 dxc4 5. e4 b5 6. a4 Bb4 7. Bd2 a5 8. axb5
Bxc3 9. Bxc3 cxb5 10. b3 Nf6 11. bxc4 Nxe4 12. Bb2 b4 13. Bd3 Bb7 14. h4 Nd7
15. Qe2 Nef6 16. Rg1 a4 17. Bc2 a3 18. Bc1 O-O 19. g4 Qb6 20. c5 Qc6 21. Nd2
Ba6 22. Qd1 e5 23. Ba4 Bb5 24. d5 Nxd5 25. Bxb5 Qxb5 26. Ne4 Nf4 27. Qc2 b3 28.
Nd6 Qa5+ 0-1

[Event "Baltic Sea Cup 2008"]
[Site "Ronne"]
[Date "2008.08.01"]
[Round "5"]
[White "Marzano, Carlo"]
[Black "Johansen, Johnny Holler"]
[Result "1-0"]
[WhiteElo "2177"]
[BlackElo "2029"]
[PlyCount "43"]
[EventDate "2008.07.29"]


1. Nc3 c5 2. d4 cxd4 3. Qxd4 Nc6 4. Qh4 Nf6 5. Bg5 d6 6. e4 Bd7 7. O-O-O Ne5 8.
f4 Ng6 9. Qe1 Qa5 10. Nf3 O-O-O 11. Nd4 e6 12. Nb3 Qb6 13. f5 exf5 14. Bxf6
gxf6 15. Nd5 Qc6 16. Na5 Qa4 17. Qc3+ Bc6 18. Rd4 Qxa2 19. Nxc6 Bh6+ 20. Kd1
Qa1+ 21. Ke2 Qa6+ 22. Kf2 1-0

[Event "Baltic Sea Cup 2008"]
[Site "Ronne"]
[Date "2008.08.01"]
[Round "5"]
[White "Savchenko, Boris"]
[Black "Khenkin, Igor"]
[Result "1-0"]
[WhiteElo "2578"]
[BlackElo "2655"]
[PlyCount "115"]
[EventDate "2008.07.29"]


1. e4 c5 2. Nf3 Nc6 3. d4 cxd4 4. Nxd4 Nf6 5. Nc3 e6 6. Nxc6 bxc6 7. e5 Nd5 8.
Ne4 Qc7 9. f4 Qb6 10. c4 Bb4+ 11. Ke2 f5 12. exf6 Nxf6 13. Be3 Qd8 14. Nd6+
Bxd6 15. Qxd6 Bb7 16. Kd1 c5 17. Bxc5 Ne4 18. Qe5 Nxc5 19. Qxc5 Qf6 20. Kc2 Rc8
21. Qd6 Be4+ 22. Kb3 Rc6 23. Qe5 O-O 24. Re1 d5 25. Qxf6 Rxf6 26. Rxe4 dxe4 27.
g3 g5 28. Bg2 gxf4 29. Bxe4 Rd6 30. Kc3 f3 31. Rf1 f2 32. b4 Kf7 33. b5 Ke7 34.
a4 e5 35. Bd5 Rxd5 36. cxd5 Kd6 37. Kc4 Rf7 38. a5 Rc7+ 39. Kd3 Rc5 40. Rxf2
Rxb5 41. Rf7 Rxa5 42. Ke4 Ra4+ 43. Kf5 h5 44. Rh7 Kxd5 45. Rxh5 Ra2 46. g4 Rf2+
47. Kg6 a5 48. h4 Rf4 49. g5 e4 50. Kh6 e3 51. g6+ Kd4 52. g7 Rf6+ 53. Kh7 Rf7
54. Rxa5 e2 55. Ra1 Ke3 56. Re1 Kf2 57. Rxe2+ Kxe2 58. h5 1-0

[Event "Baltic Sea Cup 2008"]
[Site "Ronne"]
[Date "2008.08.01"]
[Round "5"]
[White "Schmidt, Horst Hubert"]
[Black "Valet, Richard"]
[Result "1/2-1/2"]
[WhiteElo "1925"]
[BlackElo "2071"]
[PlyCount "158"]
[EventDate "2008.07.29"]


1. d4 Nf6 2. c4 g6 3. Nf3 Bg7 4. Nc3 d6 5. e4 O-O 6. Qc2 Nbd7 7. Be2 e5 8. Be3
c6 9. O-O Qc7 10. Rac1 Ng4 11. h3 Nxe3 12. fxe3 Bh6 13. Qd3 exd4 14. Nxd4 Ne5
15. Qd2 Qe7 16. Nf3 Be6 17. b3 Rad8 18. Rcd1 a6 19. Bd3 b5 20. Qf2 Nxd3 21.
Rxd3 bxc4 22. Rd2 cxb3 23. axb3 d5 24. Nd4 Bd7 25. Ra2 dxe4 26. Rxa6 Bg7 27.
Nce2 c5 28. Nc6 Bxc6 29. Rxc6 Rd2 30. Qe1 Rb2 31. Nf4 Rxb3 32. Nd5 Qa7 33. Rc7
Rb7 34. Rc6 Qa3 35. Qh4 Qa7 36. Qxe4 Rd7 37. Qc4 Rfd8 38. Rxc5 Qb7 39. e4 Qb2
40. Rd1 h5 41. Ne7+ Kf8 42. Nd5 Qb8 43. Rf1 Qb2 44. Kh1 Qd4 45. Qc2 Qb2 46. Qa4
Qb7 47. Rb5 Qa7 48. Ra5 Qb7 49. Ra6 Kg8 50. Rb6 Qa7 51. Qb5 Bd4 52. Rc6 Bg7 53.
Rfc1 Qb7 54. Qe2 Qb2 55. Qf3 Be5 56. h4 Kg7 57. g3 Ra8 58. R6c2 Ra3 59. Qf2 Qd4
60. Qxd4 Bxd4 61. Kg2 Be5 62. Nf4 Rb7 63. Rc5 Bxf4 64. gxf4 Rb2+ 65. R1c2 Rbb3
66. Rg5 Rh3 67. f5 Rxh4 68. fxg6 fxg6 69. Rc6 Rg4+ 70. Rxg4 hxg4 71. e5 Re3 72.
Rc7+ Kh6 73. Re7 Kg5 74. Kf2 Re4 75. Kg3 Ra4 76. Re8 Ra3+ 77. Kg2 Kf5 78. e6
Ra7 79. Kg3 Ra3+ 1/2-1/2

[Event "Baltic Sea Cup 2008"]
[Site "Ronne"]
[Date "2008.08.01"]
[Round "5"]
[White "Thjomoe, Hans Richard"]
[Black "Kristiansen, Orla"]
[Result "1-0"]
[WhiteElo "1735"]
[BlackElo "1940"]
[PlyCount "69"]
[EventDate "2008.07.29"]


1. e4 e6 2. d4 d5 3. Nc3 Bb4 4. Bd2 dxe4 5. Qg4 Nf6 6. Qxg7 Rg8 7. Qh6 Nbd7 8.
O-O-O Be7 9. Nh3 Nf8 10. Qe3 Bd7 11. Ng5 Ng4 12. Qxe4 Bxg5 13. f4 Bh4 14. Bc4
Bc6 15. d5 Nf2 16. Qe2 Nxd1 17. Rxd1 Qe7 18. dxc6 O-O-O 19. cxb7+ Kb8 20. g3
Bf6 21. Ne4 Bg7 22. a3 Nd7 23. Bb4 c5 24. Bc3 Bxc3 25. Nxc3 Nb6 26. Ba6 Rxd1+
27. Kxd1 Rd8+ 28. Kc1 Qd6 29. Bd3 f5 30. a4 a5 31. Nb5 Qd5 32. b3 Kxb7 33. Qe1
Ra8 34. Qc3 h5 35. Be2 1-0

[Event "Baltic Sea Cup 2008"]
[Site "Ronne"]
[Date "2008.08.01"]
[Round "5"]
[White "Urkedal, Frode Olav Olsen"]
[Black "Iljushin, Alexei"]
[Result "0-1"]
[WhiteElo "2299"]
[BlackElo "2546"]
[PlyCount "68"]
[EventDate "2008.07.29"]


1. d4 d5 2. c4 c6 3. Nf3 Nf6 4. Nc3 a6 5. Ne5 e6 6. Bg5 Nbd7 7. e3 Qa5 8. Nxd7
Bxd7 9. Bxf6 gxf6 10. a3 f5 11. c5 e5 12. f4 exf4 13. exf4 Bg7 14. g3 O-O 15.
Qd3 Rfe8+ 16. Kf2 Rad8 17. Bg2 Re4 18. Bxe4 dxe4 19. Qe3 Be6 20. Rhd1 Bb3 21.
Rd2 b6 22. Kg2 h6 23. Rc1 bxc5 24. Ne2 c4 25. Rc3 Qd5 26. Rc1 Kh8 27. g4 c5 28.
gxf5 cxd4 29. Nc3 Qa5 30. Qxe4 dxc3 31. Rxd8+ Qxd8 32. Rxc3 Bxc3 33. bxc3 Qd2+
34. Kg1 Qxc3 0-1